1570 1504 1474 1129 1289 1818 1779 1115 1642 1119 1149 1396 1259 1820 1658 1775 1363 1929 1768 1909 1381 1243 1780 1925 1846 1161 1924 1429 1924 1340 1516 1811 1393 1718 1798 1218 1353 1339 1820 1555 1307 1661 1275 1413 1338 1781 1868 1734 1330 1422 1078 1308 1101 1565 1911 1586 1837 1449 1336 1310 1616 1528 1683 1744 1715 1141 1805 1225 1096 1827 1911 1224 1659 1860 1536 1669 1261 1635 1458 1957 1544 1966 1547 1255 1982 1651 1493 1639 1549 1146 1668 1236 1011 1872 1249 1643 1927 1142 1800 BCNSPRNW ULIB Ver.6.0+V

เปลี่ยนเป็นภาษาไทย

Change to English
 แสดงรายละเอียดบรรณานุกรม
  กลับหน้าหลัก

Brief Record : Get Marc (ISO 2709) : E-mail record : QR code < ปิดหน้าต่าง
LEADER : 00000nam 2200000uu 4500
001    13399108953
003     ULIB
008    110317s2544||||th 000 0 tha d
020    9745747726
060 04 WA30^bว369ส 2544
100 0  วสุธร ตันวัฒนกุล
245 10 สุขภาพกับคุณภาพชีวิต :^bเส้นทางที่ต้องร่วมกันพัฒนา /^cวสุธร ตันวัฒนกุล
250    พิมพ์ครั้งที่ 3
260    ชลบุรี :^bคณะสาธารณสุขศาสตร์ มหาวิทยาลัยบูรพา,^c2544
300    ก-ญ, 106 หน้า ;^c27 ซม.
500    พิมพ์ครั้งที่ 2 (ปรับปรุงเนื้อหา) พ.ศ.2543
650  7 การส่งเสริมสุขภาพ
650  7 คุณภาพชีวิต
650  7 สาธารณสุข, การบริหาร
710 2  มหาวิทยาลัยบูรพา. ^bคณะสาธารณสุขศาสตร์
945    ^p100^l0^i014048
945    ^p100^l0^i014046
945    ^p100^l0^i014047
995    ทศพร
999 ^a ใช้งานได้ทุกระบบ
รายการนี้ยังไม่มีแท็ก
คุณยังไม่ได้ล็อกอิน คุณสามารถมีกิจกรรมร่วมกับเว็บไซต์ได้ แต่ต้องล็อกอินก่อน ::
  ล็อกอิน

รายการสื่อสารสนเทศ

ลำดับที่ ประเภท เลขเรียก/บาร์โค้ด สถานที่ สถานะ
- ไม่พบข้อมูล -

รายการใกล้เคียง
    ผู้แต่ง [วสุธร ตันวัฒนกุล]

    หัวเรื่อง [การส่งเสริมสุขภาพ]
    หัวเรื่อง [คุณภาพชีวิต]
    หัวเรื่อง [สาธารณสุข, การบริหาร]

BibComment


ยังไม่เคยถูกคอมเมนท์

คอมเมนท์ทรัพยากรรายการนี้
  คอมเมนท์: สุขภาพกับคุณภาพชี..


 Copyright 2026. Bcnsprnw @Library